[Event "6th EICC"]
[Site "Warsaw POL"]
[Date "2005.06.19"]
[Round "2"]
[White "Iljushin,A"]
[Black "Timofeev,Arty"]
[Result "1/2-1/2"]
[WhiteElo "2543"]
[BlackElo "2622"]
[EventDate "2005.06.18"]

1. d4 Nf6 2. c4 g6 3. Nc3 d5 4. cxd5 Nxd5 5. e4 Nxc3 6. bxc3 Bg7 7. Be3 c5
8. Qd2 Qa5 9. Rb1 b6 10. Rc1 O-O 11. Nf3 Rd8 12. Bh6 Nc6 13. Bxg7 Kxg7 14.
d5 e6 15. c4 Qxd2+ 16. Nxd2 Nd4 17. Nb3 Nxb3 18. axb3 f5 19. f3 fxe4 20.
fxe4 exd5 21. exd5 Re8+ 22. Kd2 Rf8 23. Re1 Bd7 24. Re7+ Rf7 25. Rxf7+ Kxf7
26. Bd3 a5 27. h4 a4 28. bxa4 Rxa4 29. h5 Bf5 30. hxg6+ hxg6 31. Bxf5 gxf5
32. Rh6 Rxc4 33. Rxb6 Rd4+ 34. Kc3 Rxd5 35. Kc4 Rd2 36. Kxc5 Rxg2 37. Kd4
Re2 38. Kd3 Re4 39. Ra6 Kg7 40. Rb6 Re1 41. Kd2 Re8 42. Ra6 f4 43. Ra4 Rf8
1/2-1/2

[Event "6th EICC"]
[Site "Warsaw POL"]
[Date "2005.06.19"]
[Round "2"]
[White "Prusikin,M"]
[Black "Filippov,Va"]
[Result "1-0"]
[WhiteElo "2540"]
[BlackElo "2621"]
[EventDate "2005.06.18"]

1. d4 d5 2. c4 e6 3. Nc3 Bb4 4. Nf3 Nf6 5. e3 O-O 6. Bd3 c5 7. O-O Nc6 8.
a3 Bxc3 9. bxc3 Qc7 10. h3 dxc4 11. Bxc4 e5 12. Ba2 Bf5 13. d5 Rad8 14. Qe2
e4 15. Nh4 Ne7 16. Nxf5 Nxf5 17. c4 Nd7 18. Bb2 Nd6 19. Qg4 f6 20. Rac1
Rde8 21. Rc2 Ne5 22. Qg3 Re7 23. Kh1 g5 24. Qh2 Rff7 25. Ba1 h5 26. Rcc1 h4
27. Bb3 Qd7 28. a4 Rg7 29. Bd1 Rg6 30. Be2 Qxa4 31. Bg4 Nexc4 32. Be2 Ne5
33. Rxc5 Rgg7 34. Rfc1 Qe8 35. Bg4 Kh7 36. Be6 b6 37. Bxe5 fxe5 38. Rc6
Rxe6 39. dxe6 Qxe6 40. Rd1 Rd7 41. Qg1 Qe7 42. Rd5 Nb7 43. Qd1 Rxd5 44.
Qxd5 Nc5 45. Rc8 Qf6 1-0

[Event "6th EICC"]
[Site "Warsaw POL"]
[Date "2005.06.19"]
[Round "2"]
[White "Ivanchuk,V"]
[Black "Chuchelov,V"]
[Result "1-0"]
[WhiteElo "2739"]
[BlackElo "2571"]
[EventDate "2005.06.18"]

1. Nf3 Nf6 2. c4 e6 3. d4 b6 4. a3 Ba6 5. Nbd2 Bb7 6. e3 c5 7. Bd3 Nc6 8.
O-O Be7 9. b3 cxd4 10. exd4 d5 11. Bb2 O-O 12. Rc1 Rc8 13. c5 a5 14. Rc2
Nd7 15. Qc1 Ndb8 16. Rd1 Ba6 17. Ne1 Qc7 18. Bc3 bxc5 19. dxc5 e5 20. b4
axb4 21. axb4 d4 22. b5 dxc3 23. Rxc3 Bb7 24. bxc6 Nxc6 25. Nc2 Rfd8 26.
Bf5 Rb8 27. Be4 Bg5 28. Ne3 Nd4 29. Re1 Bc6 30. Nf3 Bxe4 31. Nxg5 Rb1 32.
Nxe4 Rxc1 33. Rcxc1 f5 34. Nd6 Qd7 35. Rcd1 f4 36. Nec4 f3 37. Nxe5 Qa4 38.
Nxf3 Nxf3+ 39. gxf3 Qc6 40. Ne4 Qg6+ 41. Kh1 Rf8 42. Rg1 Qh5 43. Rg3 Rxf3
44. Rd8+ Kf7 45. Rd7+ Kf8 46. Rgxg7 Rf4 47. Ng5 1-0

[Event "6th EICC"]
[Site "Warsaw POL"]
[Date "2005.06.19"]
[Round "2"]
[White "Mazi,L"]
[Black "Jaracz,P"]
[Result "1/2-1/2"]
[WhiteElo "2365"]
[BlackElo "2530"]
[EventDate "2005.06.18"]

1. e4 c6 2. d3 e5 3. Nf3 Nf6 4. Nbd2 d6 5. g3 g6 6. Bg2 Bg7 7. O-O O-O 8.
c3 Re8 9. Re1 Nbd7 10. d4 Qc7 11. Qc2 b6 12. b3 Bb7 13. Bb2 a6 14. Rad1 b5
15. h3 Rad8 16. c4 exd4 17. Bxd4 Qb8 18. Nh2 Re7 19. f4 Rde8 20. Bf2 c5
1/2-1/2

[Event "6th EICC"]
[Site "Warsaw POL"]
[Date "2005.06.19"]
[Round "2"]
[White "Kuraszkiewicz,M"]
[Black "Bartel,Mat"]
[Result "0-1"]
[WhiteElo "2300"]
[BlackElo "2511"]
[EventDate "2005.06.18"]

1. d4 f5 2. g3 Nf6 3. Bg2 g6 4. Nh3 Bg7 5. c3 Nc6 6. Qb3 e6 7. Nf4 d5 8.
Nd2 b6 9. Nf3 O-O 10. O-O Ne4 11. Nd3 Bd7 12. Qc2 Rc8 13. Nfe5 Nxe5 14.
Nxe5 c5 15. Nxd7 Qxd7 16. dxc5 Rxc5 17. Qd3 Qa4 18. f3 Nxc3 19. bxc3 Rxc3
20. Qd1 Rc2 21. Be3 Rfc8 22. Rf2 Qa3 0-1

[Event "6th EICC"]
[Site "Warsaw POL"]
[Date "2005.06.19"]
[Round "2"]
[White "Ftacnik,L"]
[Black "Swiercz,D"]
[Result "1-0"]
[WhiteElo "2540"]
[BlackElo "2136"]
[EventDate "2005.06.18"]

1. Nf3 Nf6 2. c4 c6 3. d4 d5 4. Nc3 e6 5. e3 Nbd7 6. Qc2 Bd6 7. Bd3 O-O 8.
O-O dxc4 9. Bxc4 b5 10. Be2 Bb7 11. b3 a6 12. Ne4 Nxe4 13. Qxe4 Nf6 14. Qh4
c5 15. dxc5 Bxc5 16. Bb2 Qe7 17. a4 b4 18. Rac1 Rac8 19. Rfd1 Nd5 20. Qg3
f6 21. Nd4 Rfd8 22. Bc4 Kh8 23. Qh3 e5 24. Ne6 Rd7 25. Bd3 e4 26. Bxe4 g6
27. Nxc5 Rxc5 28. Rxc5 Qxe4 29. Qxd7 1-0

[Event "6th EICC"]
[Site "Warsaw POL"]
[Date "2005.06.19"]
[Round "2"]
[White "Tazbir,M"]
[Black "Zelcic,R"]
[Result "1-0"]
[WhiteElo "2322"]
[BlackElo "2514"]
[EventDate "2005.06.18"]

1. e4 Nf6 2. e5 Nd5 3. c4 Nb6 4. d4 d6 5. exd6 cxd6 6. d5 e5 7. Nc3 Be7 8.
Bd3 O-O 9. Nge2 f5 10. b3 N8d7 11. O-O Kh8 12. Rb1 f4 13. f3 Nc5 14. Bc2 a5
15. a3 Bf5 16. Bxf5 Rxf5 17. Qc2 Rf8 18. Ne4 Nxe4 19. Qxe4 a4 20. Bd2 Qc7
21. Rfc1 axb3 22. Rxb3 Nd7 23. Qb1 Nc5 24. Rb5 Rxa3 25. Bb4 Rb3 26. Qc2 Rc8
27. Ba5 b6 28. Bxb6 Qb7 29. Rxb3 Nxb3 30. Qxb3 Bd8 31. Rb1 Rb8 32. Bxd8
Qxb3 33. Rxb3 Rxb3 34. Bc7 Rb2 35. Kf2 Rc2 36. Bxd6 Rxc4 37. Bxe5 Kg8 38.
Nxf4 Kf7 39. h4 1-0

[Event "6th EICC"]
[Site "Warsaw POL"]
[Date "2005.06.19"]
[Round "2"]
[White "Guadalpi,D"]
[Black "Rutkowski,M"]
[Result "1-0"]
[WhiteElo "2317"]
[BlackElo "2346"]
[EventDate "2005.06.18"]

1. e4 c5 2. Nf3 Nc6 3. Bb5 g6 4. O-O Bg7 5. c3 e5 6. d4 exd4 7. Bf4 d5 8.
exd5 Qxd5 9. cxd4 cxd4 10. Nc3 Qd8 11. Ne4 Be6 12. Re1 Nge7 13. Nd6+ Kf8
14. Rc1 h6 15. Qe2 Qb6 16. Nd2 a6 17. N2c4 Qa7 18. Bxc6 Nxc6 19. Qf3 Kg8
20. h4 Kh7 21. h5 Bxc4 22. Rxc4 Rhf8 23. Qh3 Qb6 24. Re4 Qa5 25. hxg6+ fxg6
26. Bxh6 Qh5 27. Rh4 Qd5 28. Bxg7+ Kxg7 29. Qd7+ Rf7 30. Ne8+ 1-0

[Event "6th EICC"]
[Site "Warsaw POL"]
[Date "2005.06.19"]
[Round "2"]
[White "Godena,M"]
[Black "Olszewski,Mi"]
[Result "1/2-1/2"]
[WhiteElo "2527"]
[BlackElo "2387"]
[EventDate "2005.06.18"]

1. e4 e5 2. Nf3 Nc6 3. Bb5 a6 4. Ba4 Nf6 5. O-O Be7 6. Re1 b5 7. Bb3 d6 8.
c3 O-O 9. h3 Na5 10. Bc2 c5 11. d4 Nd7 12. Kh1 Bf6 13. d5 Nb6 14. Nbd2 Be7
15. g4 g6 16. Rg1 Kg7 17. Nf1 Rh8 18. Ng3 h6 19. b3 Bg5 20. Bd2 Nb7 21. Qc1
Bxd2 22. Qxd2 a5 23. a3 Bd7 24. Kg2 Qf6 25. Qe2 b4 26. axb4 cxb4 27. cxb4
axb4 28. Qd2 Rxa1 29. Rxa1 h5 30. Qg5 hxg4 31. hxg4 Qxg5 32. Nxg5 Kf6 33.
Ra6 Na8 34. Nf3 Bxg4 35. Ra4 Nc5 36. Rxb4 Bd7 37. Ne1 Rc8 38. Nf1 Nc7 39.
Rb6 Na8 40. Rb4 Ke7 41. Ne3 Nc7 42. Rb6 Na8 43. Rb4 Nc7 1/2-1/2

[Event "6th EICC"]
[Site "Warsaw POL"]
[Date "2005.06.19"]
[Round "2"]
[White "Stevic,H"]
[Black "Sokolov,I"]
[Result "1/2-1/2"]
[WhiteElo "2514"]
[BlackElo "2662"]
[EventDate "2005.06.18"]

1. e4 e5 2. Nf3 Nc6 3. d4 exd4 4. Nxd4 Nf6 5. Nxc6 bxc6 6. Bd3 d5 7. exd5
cxd5 8. Bb5+ Bd7 9. Bxd7+ Qxd7 10. O-O Be7 11. Nd2 O-O 12. b3 Qf5 13. Bb2
Rad8 14. Nf3 Ne4 15. Qd3 Bf6 16. Bxf6 Qxf6 17. Rae1 h6 18. Re3 Qb2 19. a4
Rfe8 20. Rfe1 c5 21. R3e2 Nf6 22. Rxe8+ Rxe8 23. Rxe8+ Nxe8 24. g3 Nf6 25.
Qf5 Ne4 26. Qc8+ Kh7 27. Qf5+ Kg8 28. Qc8+ 1/2-1/2

[Event "6th EICC"]
[Site "Warsaw POL"]
[Date "2005.06.19"]
[Round "2"]
[White "Mamedov,Rau"]
[Black "Jobava,Ba"]
[Result "1/2-1/2"]
[WhiteElo "2511"]
[BlackElo "2637"]
[EventDate "2005.06.18"]

1. e4 c5 2. Nf3 d6 3. Bb5+ Bd7 4. Bxd7+ Qxd7 5. O-O Nc6 6. c3 Nf6 7. Re1 e6
8. d4 cxd4 9. cxd4 d5 10. e5 Ne4 1/2-1/2

[Event "6th EICC"]
[Site "Warsaw POL"]
[Date "2005.06.19"]
[Round "2"]
[White "Cvitan,O"]
[Black "Graf,A"]
[Result "1/2-1/2"]
[WhiteElo "2481"]
[BlackElo "2632"]
[EventDate "2005.06.18"]

1. c4 e6 2. Nc3 d5 3. d4 Be7 4. Nf3 Nf6 5. Bg5 h6 6. Bxf6 Bxf6 7. e3 O-O 8.
Rc1 c6 9. Bd3 Nd7 10. O-O a6 11. a3 b5 12. cxb5 cxb5 13. a4 b4 14. Ne2 Bb7
15. Bb1 Qb6 16. Qd3 1/2-1/2

[Event "6th EICC"]
[Site "Warsaw POL"]
[Date "2005.06.19"]
[Round "2"]
[White "Thorfinnsson,Br"]
[Black "Areshchenko,A"]
[Result "1/2-1/2"]
[WhiteElo "2442"]
[BlackElo "2595"]
[EventDate "2005.06.18"]

1. d4 g6 2. c4 Bg7 3. e4 d6 4. Nc3 Na6 5. Be2 c5 6. d5 Nc7 7. Be3 a6 8. a4
Rb8 9. f4 f5 10. e5 dxe5 11. fxe5 Bxe5 12. Bxc5 b6 13. Be3 Nf6 14. Nf3 Bd6
15. a5 Bc5 16. Bd4 Qd6 17. Be5 Qd7 18. Nd4 Bd6 19. Nc6 Bxe5 20. Nxe5 Qd6
21. Nc6 Rb7 22. Qd4 Ne6 23. dxe6 Qxc6 24. O-O-O O-O 25. Bf3 Qxe6 26. Bxb7
Bxb7 27. Qxb6 Qxb6 28. axb6 Bxg2 29. Rhe1 Kf7 30. Rd2 Bc6 31. Rde2 Re8 32.
Re6 Ba8 33. c5 Nd7 34. b4 Nf8 35. R6e2 Bc6 36. Ra2 Ra8 37. Rae2 Re8 38. Ra2
Ra8 39. Rae2 Re8 1/2-1/2

[Event "6th EICC"]
[Site "Warsaw POL"]
[Date "2005.06.19"]
[Round "2"]
[White "Andersson,U"]
[Black "Murtez,H"]
[Result "1/2-1/2"]
[WhiteElo "2579"]
[BlackElo "2354"]
[EventDate "2005.06.18"]

1. Nf3 Nf6 2. c4 g6 3. g3 Bg7 4. Bg2 O-O 5. O-O c6 6. d4 d5 7. cxd5 cxd5 8.
Nc3 Nc6 9. Ne5 Nxe5 10. dxe5 Ng4 11. Nxd5 Nxe5 12. Bg5 Nc6 13. Nxe7+ Nxe7
14. Qxd8 Rxd8 15. Bxe7 Re8 16. Ba3 Rxe2 17. Bf3 Re8 18. Rac1 Bf8 19. Bxf8
Kxf8 20. h4 Re7 21. Rfd1 Be6 22. a3 h6 23. Rd4 Rae8 24. Kg2 Kg7 25. Rc5 Rc8
26. Rxc8 Bxc8 27. g4 g5 28. hxg5 hxg5 29. Kg3 Be6 30. Be4 1/2-1/2

[Event "6th EICC"]
[Site "Warsaw POL"]
[Date "2005.06.19"]
[Round "2"]
[White "Cao Sang"]
[Black "Inarkiev,E"]
[Result "1/2-1/2"]
[WhiteElo "2488"]
[BlackElo "2612"]
[EventDate "2005.06.18"]

1. d4 Nf6 2. Bg5 e6 3. e4 h6 4. Bxf6 Qxf6 5. Nc3 Bb4 6. Nf3 d5 7. e5 Qd8 8.
a3 Be7 9. Bd3 b6 10. Ne2 c5 11. c3 Nc6 12. O-O c4 13. Bc2 Qc7 14. Nd2 Bd7
15. f4 g6 16. Kh1 O-O-O 17. b3 cxb3 18. Nxb3 Kb8 19. a4 a5 20. Bd3 Na7 21.
Nd2 Bc6 22. Qb3 Ka8 23. Rfb1 Rb8 24. Nf1 b5 25. axb5 Bxb5 26. Bxb5 Rxb5 27.
Qxb5 Nxb5 28. Rxb5 Bd8 29. Nd2 Qd7 30. c4 dxc4 31. Rab1 c3 32. Nxc3 Bc7 33.
d5 Rb8 34. Rxb8+ Bxb8 35. d6 Qc6 36. Nde4 f5 37. exf6 Bxd6 38. f7 Be7 39.
Rd1 a4 40. Rd8+ Ka7 41. f8=Q Bxf8 42. Rxf8 Qa6 43. h3 a3 44. Rf7+ Kb6 45.
Na2 Qe2 46. Nec3 Qf1+ 47. Kh2 g5 48. Rf6 gxf4 49. Rxe6+ Kb7 50. Re7+ Kc8
51. Re8+ Kb7 52. Re7+ Kc8 53. Re8+ Kb7 54. Re7+ 1/2-1/2

[Event "6th EICC"]
[Site "Warsaw POL"]
[Date "2005.06.19"]
[Round "2"]
[White "Petrosian,TL"]
[Black "Lopez Martinez,J"]
[Result "0-1"]
[WhiteElo "2599"]
[BlackElo "2488"]
[EventDate "2005.06.18"]

1. e4 e6 2. d4 d5 3. Nc3 Bb4 4. Nge2 dxe4 5. a3 Be7 6. Nxe4 Nf6 7. Qd3 O-O
8. Bf4 Nbd7 9. O-O-O b6 10. Qf3 Nxe4 11. Qxe4 Ba6 12. Qc6 Bg5 13. c4 Bxf4+
14. Nxf4 Nf6 15. Qf3 Rb8 16. Bd3 b5 17. c5 Bb7 18. Qh3 Bd5 19. Rhe1 b4 20.
a4 Qd7 21. Re5 g6 22. Qh4 Kg7 23. g4 Bf3 24. Bb5 Rxb5 25. Rd3 Ra5 26. Rxf3
Qxd4 27. Nd3 Nd7 28. Ree3 Nxc5 29. Rh3 Nxd3+ 30. Rxd3 Qf4+ 31. Kb1 h6 32.
Rhf3 Qg5 33. Qg3 Rc5 34. Rfe3 Rd8 35. Rxd8 Qxd8 36. Rd3 Rd5 37. Rxd5 Qxd5
38. Qxc7 Qd1+ 39. Qc1 Qxa4 40. Qe1 Qb5 41. Qe4 a5 42. Qd4+ e5 43. Qe4 Qc5
44. f4 exf4 0-1

[Event "6th EICC"]
[Site "Warsaw POL"]
[Date "2005.06.19"]
[Round "2"]
[White "Loeffler,S"]
[Black "Kozul,Z"]
[Result "1/2-1/2"]
[WhiteElo "2429"]
[BlackElo "2591"]
[EventDate "2005.06.18"]

1. d4 Nf6 2. c4 g6 3. Nc3 Bg7 4. e4 d6 5. Be2 O-O 6. Nf3 e5 7. O-O c6 8. d5
Na6 9. Ne1 Nc5 10. f3 Qb6 11. Kh1 cxd5 12. cxd5 Nh5 13. Be3 Qd8 14. b4 Na6
15. a3 Nc7 16. Rc1 f5 17. Nd3 f4 18. Bf2 Rf7 19. a4 Bf6 20. Qe1 Qf8 21. Rc2
Bd8 22. Qd2 Ne8 23. Nb5 a6 24. Na7 Bd7 25. Nb2 Nef6 26. b5 Ng3+ 27. hxg3
fxg3 28. Bxg3 Rxa7 29. Rfc1 Ra8 30. Nc4 axb5 31. axb5 Nh5 32. Bh2 Nf4 33.
Bf1 Bxb5 34. Qb4 Bxc4 35. Rxc4 Bg5 36. Rc7 Nh5 37. Qxb7 Rxc7 38. Rxc7 Be3
39. Ba6 Bf4 40. Rc8 Rxc8 41. Qxc8 Qxc8 42. Bxc8 Bxh2 43. Kxh2 Nf4 44. g3
Nd3 45. Kg2 Kg7 46. Kf1 Kf6 47. Ke2 Nc5 48. Ke3 h5 49. f4 g5 50. fxg5+ Kxg5
51. Bh3 h4 52. gxh4+ Kxh4 53. Bf5 Kg3 54. Bg6 Nd7 55. Kd3 Nb6 56. Kc3 Kf4
57. Kb4 Kg5 58. Be8 Nc8 59. Kb5 Ne7 60. Kb6 Kf4 1/2-1/2

[Event "6th EICC"]
[Site "Warsaw POL"]
[Date "2005.06.19"]
[Round "2"]
[White "Kotronias,V"]
[Black "Siebrecht,S"]
[Result "1-0"]
[WhiteElo "2578"]
[BlackElo "2438"]
[EventDate "2005.06.18"]

1. e4 c5 2. Nf3 e6 3. d4 cxd4 4. Nxd4 a6 5. Bd3 Nf6 6. O-O Qc7 7. Qe2 d6 8.
c4 Nbd7 9. Nc3 g6 10. Rd1 Bg7 11. Nf3 O-O 12. Bf4 Ng4 13. Rac1 Nge5 14. b3
b6 15. Bb1 Re8 16. Nxe5 Nxe5 17. Qd2 Bf8 18. h3 Rb8 19. Bg5 Qa7 20. Qe3 Bd7
21. f4 Nc6 22. Kh1 h6 23. Bh4 f5 24. exf5 exf5 25. Qf3 Re6 26. Nd5 Bg7 27.
Bf2 Ne7 28. Nxe7+ Rxe7 29. Rxd6 Kh7 30. Rcd1 Be8 31. g4 fxg4 32. Qxg4 Kh8
33. Bxg6 Qb7+ 34. Kg1 Bxg6 35. Rxg6 Rg8 36. Rd5 b5 37. Kf1 bxc4 38. Bd4
Bxd4 39. Rxg8+ Kh7 40. Qg6+ 1-0

[Event "6th EICC"]
[Site "Warsaw POL"]
[Date "2005.06.19"]
[Round "2"]
[White "Efimenko,Z"]
[Black "Karlsson,L"]
[Result "1-0"]
[WhiteElo "2620"]
[BlackElo "2472"]
[EventDate "2005.06.18"]

1. e4 c5 2. Nf3 d6 3. d4 cxd4 4. Nxd4 Nf6 5. Nc3 g6 6. Be3 Bg7 7. f3 Nc6 8.
Bc4 Bd7 9. Qd2 Rc8 10. Bb3 Ne5 11. O-O-O h5 12. h3 Nc4 13. Bxc4 Rxc4 14. g4
Qc8 15. Kb1 b5 16. Nde2 b4 17. Nd5 Nxd5 18. exd5 a5 19. Bd4 Rxd4 20. Nxd4
Qc5 21. Rhe1 hxg4 22. hxg4 a4 23. Nc6 Bxc6 24. dxc6 O-O 25. Qd5 Qa7 26. Re2
b3 27. cxb3 a3 28. Re4 Rc8 1-0

[Event "6th EICC"]
[Site "Warsaw POL"]
[Date "2005.06.19"]
[Round "2"]
[White "Jakovenko,D"]
[Black "Gaprindashvili,V"]
[Result "1-0"]
[WhiteElo "2608"]
[BlackElo "2415"]
[EventDate "2005.06.18"]

1. d4 Nf6 2. c4 e6 3. Nc3 Bb4 4. e3 c5 5. Bd3 cxd4 6. exd4 d5 7. Nf3 dxc4
8. Bxc4 O-O 9. O-O b6 10. Bg5 Bb7 11. Re1 Nc6 12. a3 Be7 13. Qd3 h6 14. Bf4
Bd6 15. Bd2 Ne7 16. Rad1 Bxf3 17. Qxf3 Bxh2+ 18. Kf1 Qxd4 19. b3 Nf5 20. g3
Bxg3 21. fxg3 Ng4 22. Qf4 Rad8 23. Kg2 g5 24. Qxd4 Rxd4 25. Bc1 Rfd8 26.
Rxd4 Rxd4 27. a4 Nf6 28. Be2 Ne4 29. Nxe4 Rxe4 30. Kf2 Nd4 31. Bc4 Rxe1 32.
Kxe1 Nf5 33. Kf2 Nd6 34. Bd3 Kf8 35. Kf3 f5 36. Ba3 Ke7 37. Ke3 Kd7 38. Kd4
Nf7 39. Bb5+ Kd8 40. Be2 g4 41. Bc1 Ke7 42. Bf4 Kf6 43. Bb8 Nd8 44. Bb5 a6
45. Bc7 e5+ 46. Kd5 Nf7 47. Be8 f4 48. Bxf7 Kxf7 49. Bxe5 fxg3 50. Bxg3 Kf6
51. Bc7 b5 52. a5 Kf5 53. Kc6 h5 54. Kb6 h4 55. Kxa6 g3 56. Kxb5 Kg4 57. a6
g2 58. Bh2 1-0

[Event "6th EICC"]
[Site "Warsaw POL"]
[Date "2005.06.19"]
[Round "2"]
[White "Kuljasevic,D"]
[Black "Socko,B"]
[Result "1-0"]
[WhiteElo "2408"]
[BlackElo "2583"]
[EventDate "2005.06.18"]

1. d4 Nf6 2. Nf3 e6 3. c4 b6 4. a3 Bb7 5. Nc3 d5 6. cxd5 Nxd5 7. e3 g6 8.
Bb5+ c6 9. Bd3 Bg7 10. Na4 Qc7 11. O-O Nd7 12. Bd2 O-O 13. Rc1 Rfd8 14. Qb3
Rac8 15. Rfe1 Nb8 16. Bf1 Ba6 17. Bxa6 Nxa6 18. e4 Ne7 19. Bg5 Re8 20. Nc3
Qd7 21. Qa4 Nb8 22. Ne5 Qb7 23. Ng4 Nd7 24. Nh6+ Bxh6 25. Bxh6 c5 26. Nb5
Qc6 27. Qc4 Ra8 28. dxc5 bxc5 29. Red1 Reb8 30. Rd6 Ne5 31. Qc3 Qxe4 32.
Re1 Qh4 33. Qxe5 Qxh6 34. Nc7 Nf5 35. Rdd1 Qf8 36. Rc1 Rd8 37. Nxa8 Rd5 38.
Qc7 Nd4 39. Qxa7 Qd8 40. Nc7 1-0

[Event "6th EICC"]
[Site "Warsaw POL"]
[Date "2005.06.19"]
[Round "2"]
[White "Erdogdu,M"]
[Black "Roiz,M"]
[Result "0-1"]
[WhiteElo "2414"]
[BlackElo "2579"]
[EventDate "2005.06.18"]

1. e4 c5 2. Nf3 d6 3. d4 cxd4 4. Nxd4 Nf6 5. Nc3 a6 6. Be3 Ng4 7. Bc1 Nf6
8. f3 e6 9. Be3 b5 10. g4 h6 11. Qd2 b4 12. Na4 Nbd7 13. O-O-O Ne5 14. b3
Bd7 15. Nb2 d5 16. Bf4 Qc7 17. Nd3 Nxd3+ 18. Bxd3 Qb6 19. Ne2 Bc6 20. e5
Nd7 21. Kb1 Bc5 22. Bg3 a5 23. f4 Be3 24. Qe1 a4 25. Nc1 d4 26. Rf1 Nc5 27.
Qe2 axb3 28. cxb3 O-O 29. f5 Bxc1 30. Rxc1 Nxd3 31. Qxd3 Bb5 32. Qd2 Bxf1
33. Rxf1 Qc6 34. f6 Qc3 35. Rd1 Qxd2 36. Rxd2 Rfd8 37. Rd3 gxf6 38. exf6
Rd5 0-1

[Event "6th EICC"]
[Site "Warsaw POL"]
[Date "2005.06.19"]
[Round "2"]
[White "Lanzani,M"]
[Black "Bocharov,D"]
[Result "0-1"]
[WhiteElo "2356"]
[BlackElo "2574"]
[EventDate "2005.06.18"]

1. e4 c5 2. Nf3 Nc6 3. d4 cxd4 4. Nxd4 e6 5. Nc3 Qc7 6. Be3 Nf6 7. f3 a6 8.
Qd2 Ne5 9. Nb3 b5 10. O-O-O Rb8 11. Qf2 d6 12. Kb1 Be7 13. g4 b4 14. Ne2
Nc4 15. Bc1 a5 16. Ned4 e5 17. Bxc4 Qxc4 18. Nf5 Bxf5 19. gxf5 O-O 20. Qa7
Rfe8 21. Nxa5 Qb5 22. Nb3 Ra8 23. Qe3 Qa4 24. a3 bxa3 25. bxa3 d5 26. exd5
Bxa3 27. Bxa3 Qxa3 28. d6 Rec8 29. Qd3 Nd5 30. d7 Rc3 31. Qd2 Rxb3+ 32.
cxb3 Qa1+ 33. Kc2 Ra2+ 0-1

[Event "6th EICC"]
[Site "Warsaw POL"]
[Date "2005.06.19"]
[Round "2"]
[White "Maier,C"]
[Black "Neverov,V"]
[Result "0-1"]
[WhiteElo "2387"]
[BlackElo "2566"]
[EventDate "2005.06.18"]

1. e4 c5 2. Nf3 e6 3. Nc3 a6 4. g3 b5 5. d4 cxd4 6. Nxd4 Bb7 7. Bg2 Nf6 8.
a3 d6 9. O-O Nbd7 10. Re1 Qc7 11. h3 Be7 12. Nde2 Rc8 13. g4 h6 14. Ng3 Ne5
15. a4 b4 16. Na2 Qxc2 17. Qxc2 Rxc2 18. Nxb4 Rc4 19. Bd2 a5 20. Na2 Rxa4
21. Nc3 Rxa1 22. Rxa1 Nc6 23. Na4 Nd7 24. Bc3 Bf6 25. Rd1 Ke7 26. f4 Rb8
27. Rd2 Bxc3 28. Nxc3 Ba8 29. Bf1 Nb4 30. Kf2 Nc5 31. Ke3 d5 32. exd5 Nxd5+
33. Nxd5+ Bxd5 34. Kf2 Rb4 35. f5 Na4 36. Kg1 Nxb2 37. Nh5 a4 38. Nf4 Rxf4
39. Rxb2 a3 0-1

[Event "6th EICC"]
[Site "Warsaw POL"]
[Date "2005.06.19"]
[Round "2"]
[White "Markowski,T"]
[Black "Kadziolka,B"]
[Result "1-0"]
[WhiteElo "2560"]
[BlackElo "2311"]
[EventDate "2005.06.18"]

1. g3 c5 2. Bg2 Nc6 3. c4 g6 4. Nc3 Bg7 5. d3 d6 6. Bd2 e5 7. a3 Nge7 8.
Rb1 a5 9. Nf3 O-O 10. O-O Rb8 11. Qa4 b6 12. Nb5 d5 13. Rfd1 Bb7 14. b4 d4
15. bxc5 bxc5 16. Ng5 Nc8 17. Bxc6 Bxc6 18. Qxa5 Ra8 19. Qxd8 Rxd8 20. Rdc1
Bf8 21. f4 h6 22. Nf3 e4 23. Ne5 Bxb5 24. cxb5 e3 25. Be1 Nb6 26. Rb3 Rdb8
27. Nc4 Nxc4 28. Rxc4 Be7 29. Kg2 Kg7 30. g4 f5 31. gxf5 gxf5 32. Kf3 Kg6
33. a4 Bd8 34. Rb1 h5 35. a5 Bxa5 36. Bxa5 Rxa5 37. Rxc5 Rb6 38. Rd5 1-0

[Event "6th EICC"]
[Site "Warsaw POL"]
[Date "2005.06.19"]
[Round "2"]
[White "Shomoev,A"]
[Black "Romanishin,O"]
[Result "1/2-1/2"]
[WhiteElo "2540"]
[BlackElo "2559"]
[EventDate "2005.06.18"]

1. e4 e5 2. Nf3 Nc6 3. Bb5 a6 4. Ba4 Nf6 5. O-O Be7 6. Re1 b5 7. Bb3 d6 8.
c3 O-O 9. d4 Bg4 10. Be3 exd4 11. cxd4 Na5 12. Bc2 c5 13. h3 Bxf3 14. Qxf3
cxd4 15. Bxd4 Nc6 16. Be3 Nb4 17. Bb3 Nd3 18. Rd1 Nxb2 19. Rd2 Nc4 20. Bxc4
bxc4 21. e5 Nd7 22. exd6 Bf6 23. Bd4 Ne5 24. Qd5 Nd3 25. Nc3 Rc8 26. Rb1
Bxd4 27. Qxd4 Rc6 28. Ne4 Qd7 29. Re2 h6 30. Re3 Kh8 31. Rb6 Rxb6 32. Qxb6
f5 33. Nd2 Qa4 34. Nf1 Qxa2 35. Re7 c3 36. d7 Qg8 37. Re6 Kh7 38. Rc6 Ne5
39. Rxc3 Nxd7 40. Qxa6 Nf6 1/2-1/2

[Event "6th EICC"]
[Site "Warsaw POL"]
[Date "2005.06.19"]
[Round "2"]
[White "Grigoriants,S RUS"]
[Black "Esen,B"]
[Result "1-0"]
[WhiteElo "2553"]
[BlackElo "2287"]
[EventDate "2005.06.18"]

1. d4 Nf6 2. c4 g6 3. Nc3 d5 4. Nf3 Bg7 5. Qa4+ Bd7 6. Qb3 dxc4 7. Qxc4 O-O
8. Bf4 Na6 9. e4 c5 10. e5 Nh5 11. Be3 cxd4 12. Qxd4 Bc6 13. Be2 Qc7 14.
Qh4 Bxe5 15. Nxe5 Qxe5 16. O-O-O Nc7 17. Rhe1 Ne6 18. Bxh5 Qxh5 19. Qxh5
gxh5 20. Nd5 Rfe8 21. Bh6 Kh8 22. Bd2 Rac8 23. Bc3+ Kg8 24. Re5 Bxd5 25.
Rexd5 Red8 26. Rxh5 f6 27. Rxd8+ Rxd8 28. Rh4 Rd7 29. Kc2 Nd8 30. b4 Rd5
31. a4 e5 32. f4 Kg7 33. Rg4+ Kf7 34. fxe5 fxe5 35. Rg5 Nc6 36. Kb3 a6 37.
Kc4 Ke6 38. b5 axb5+ 39. axb5 Nd4 40. Rh5 Rd7 41. g4 Rc7+ 42. Kd3 Nf3 43.
Rf5 e4+ 44. Kxe4 Rxc3 45. Rxf3 Rc4+ 46. Kd3 Rxg4 47. Rh3 Rg7 48. Kd4 Kd6
49. Rh6+ Kc7 50. h4 Re7 51. Kd5 Kd7 52. Rf6 Ke8 53. Kc5 Rf7 54. Rh6 Kf8 55.
Kb6 Kg7 56. Rh5 Kg6 57. Rg5+ Kf6 58. Rc5 h6 59. Rc7 Rf8 60. Kxb7 Rg8 61. b6
Rg4 62. Rc5 1-0

[Event "6th EICC"]
[Site "Warsaw POL"]
[Date "2005.06.19"]
[Round "2"]
[White "Potkin,V"]
[Black "Azimi,R"]
[Result "1-0"]
[WhiteElo "2552"]
[BlackElo "2144"]
[EventDate "2005.06.18"]

1. e4 g6 2. d4 Bg7 3. Nf3 d6 4. Be2 Nd7 5. Nc3 e6 6. Bf4 Ne7 7. Qd2 h6 8.
h4 a6 9. a4 b6 10. e5 d5 11. Nd1 c5 12. c3 Nc6 13. Ne3 Bb7 14. Bd3 cxd4 15.
cxd4 Qe7 16. Nc2 Na5 17. Qe2 Rc8 18. O-O O-O 19. Qe3 Nc4 20. Qc1 Kh7 21. h5
Rc7 22. g4 Rfc8 23. Kg2 Ncxe5 24. Bxe5 Bxe5 25. dxe5 d4 26. Qf4 Rxc2 27.
Rh1 Kg8 28. hxg6 fxg6 29. Rxh6 Qf7 30. Rh8+ 1-0

[Event "6th EICC"]
[Site "Warsaw POL"]
[Date "2005.06.19"]
[Round "2"]
[White "Atakisi,U"]
[Black "Lputian,S"]
[Result "0-1"]
[WhiteElo "2439"]
[BlackElo "2640"]
[EventDate "2005.06.18"]

1. e4 e6 2. d4 d5 3. Nc3 Bb4 4. e5 c5 5. a3 Bxc3+ 6. bxc3 Ne7 7. a4 Nbc6 8.
Nf3 Qa5 9. Qd2 b6 10. Ba3 O-O 11. Bd3 Ba6 12. Bxa6 Qxa6 13. dxc5 Rfc8 14.
Qe2 Qa5 15. O-O Qxc3 16. Qd3 Qa5 17. c4 dxc4 18. Qxc4 bxc5 19. Rfc1 Nb4 20.
Nd2 Qxa4 21. Ne4 Qa6 22. Nf6+ gxf6 23. Qg4+ Ng6 24. Bxb4 cxb4 0-1

[Event "6th EICC"]
[Site "Warsaw POL"]
[Date "2005.06.19"]
[Round "2"]
[White "Aleksandrov,A"]
[Black "Szoen,D"]
[Result "1-0"]
[WhiteElo "2635"]
[BlackElo "2444"]
[EventDate "2005.06.18"]

1. d4 Nf6 2. c4 g6 3. Nc3 Bg7 4. e4 d6 5. Be2 O-O 6. Bg5 Na6 7. Nf3 c6 8.
Qd2 Nc7 9. d5 Bd7 10. O-O a6 11. Rfd1 cxd5 12. exd5 b5 13. a3 bxc4 14. a4
a5 15. Bxc4 Na6 16. Nd4 Qb6 17. Bb5 Bxb5 18. Ndxb5 Nb4 19. Qf4 Rac8 20. Rd2
Rc5 21. Rad1 Rfc8 22. Qf3 Rc4 23. b3 Rxc3 24. Nxc3 Qb7 25. Nb5 Qd7 26. h3
Qd8 27. Be3 Nd7 28. Bd4 Bxd4 29. Rxd4 Rc5 30. Na3 Nb6 31. Nc4 Nxc4 32. Rxc4
Rxc4 33. bxc4 Qc7 34. Qe3 Qd7 35. Re1 Kf8 36. Qh6+ Kg8 37. Re4 e5 38. dxe6
fxe6 39. Qd2 Nc6 40. Re1 1-0